000 00673nam a2200193 4500
999 _c80576
_d80576
008 201207b ||||| |||| 00| 0 eng d
040 _bger
_cSTAFF
_erda
_aSTAFF
041 _ager
100 _aWolle, Stefan:
245 _aMichael Gartenschläger - eine deutsche Tragödie/
_cStefan Wolle
490 _aDie Mark Brandenburg
_vHeft 119: Rebellion und Revolution
600 _aGartenschläger, Michael
_d(1944-1976)
651 _aStrausberg
773 _dBerlin: Die Mark Brandenburg - Verlag für Regional- und Zeitgeschichte
_g(2020) Heft 119, S. 40-43: Abb.
_tDie Mark Brandenburg
942 _cA